| 000 | 00525nam a22001697a 4500 | ||
|---|---|---|---|
| 003 | OSt | ||
| 005 | 20140310181846.0 | ||
| 008 | 130709t xxu||||| |||| 00| 0 eng d | ||
| 050 |
_aDS 69.5 _b.R831 1995 |
||
| 082 |
_aREF 930 _bR71 1995 |
||
| 245 |
_aCradles of civilization : _bIndia, China and the peoples of Southeast Asia and the Indian Ocean / _cRenzo Rossi. |
||
| 260 |
_aBath, Avon : _bCherrytree Press Ltd, _c1995. |
||
| 300 |
_a64 p ; _c35 cm. |
||
| 541 | _j1 | ||
| 562 | _e1 | ||
| 942 |
_2lcc _cBK-GR _kREF |
||
| 999 |
_c5221 _d5221 |
||